Technologies for Value Addition in Food Products and Processes/ (Record no. 50608)

MARC details
000 -LEADER
fixed length control field 00560nam a22001697a 4500
003 - CONTROL NUMBER IDENTIFIER
control field OSt
008 - FIXED-LENGTH DATA ELEMENTS--GENERAL INFORMATION
fixed length control field 260515b |||||||| |||| 00| 0 eng d
020 ## - INTERNATIONAL STANDARD BOOK NUMBER
International Standard Book Number 9781774634745
082 ## - DEWEY DECIMAL CLASSIFICATION NUMBER
Classification number 664
Item number D32T
245 ## - TITLE STATEMENT
Title Technologies for Value Addition in Food Products and Processes/
Remainder of title edited by Sankar Chandra Deka, Dibyakanta Seth and Nishant Rachayya Swami Hulle
260 ## - PUBLICATION, DISTRIBUTION, ETC. (IMPRINT)
Place of publication, distribution, etc Boca Raton:
Name of publisher, distributor, etc CRC Press;
Date of publication, distribution, etc 2021.
300 ## - PHYSICAL DESCRIPTION
Extent xvi, 386 p.
700 ## - ADDED ENTRY--PERSONAL NAME
Personal name Deka, Sankar Chandra
700 ## - ADDED ENTRY--PERSONAL NAME
Personal name Seth Dibyakanta
700 ## - ADDED ENTRY--PERSONAL NAME
Personal name Hulle, Nishant Rachayya Swami
942 ## - ADDED ENTRY ELEMENTS (KOHA)
Source of classification or shelving scheme
Koha item type Books
Holdings
Withdrawn status Lost status Source of classification or shelving scheme Damaged status Not for loan Home library Current library Shelving location Date acquired Source of acquisition Cost, normal purchase price Total Checkouts Full call number Barcode Date last seen Bill Date Koha item type Bill Number
          Dr. Rajendra Prasad Central Agricultural University Pusa, Dr. Rajendra Prasad Central Agricultural University Pusa, General Stacks 15/05/2026 Scientific Publishers (India) 8014.00   664 D32T 87847 15/05/2026 01/02/2026 Books Invoice/SPI/25-26/425
Hosted, Implemented, Customized & Maintained by: BestBookBuddies

Powered by Koha